[Event "GER-chT U14"]
[Site "Lingen"]
[Date "2011.12.29"]
[Round "5.4"]
[White "Malinin, Nikita"]
[Black "Boehling, Richard"]
[Result "0-1"]
[WhiteElo "1410"]
[BlackElo "1318"]
[PlyCount "98"]
[EventDate "2011.12.27"]
[EventType "team-swiss"]
[EventRounds "7"]
[EventCountry "GER"]
[SourceTitle "EXT 2022"]
[Source "ChessBase"]
[SourceDate "2021.10.06"]
[SourceVersion "1"]
[SourceVersionDate "2021.10.06"]
[SourceQuality "1"]
[WhiteTeam "Kiel Doppelbauer U14"]
[BlackTeam "Weissensee Chemie"]
[WhiteTeamCountry "GER"]
[BlackTeamCountry "GER"]

1. e4 e5 2. Nf3 Nc6 3. Bb5 d6 4. d4 exd4 5. Nxd4 Bd7 6. Nxc6 Bxc6 7. Bxc6+ bxc6 8. c4 Nf6 9. 0-0 Be7 10. Nc3 0-0 11. b3 Qd7 12. Bb2 Qg4 13. Qxg4 Nxg4 14. h3 Ne5 15. Rad1 Ng6 16. Ne2 Rae8 17. Ng3 Bg5 18. Rfe1 Nf4 19. Ba1 Re6 20. Nf5 Bf6 21. Bxf6 Rxf6 22. Ne7+ Kh8 23. Nxc6 Rg8 24. Nb4 a5 25. Nd5 Nxd5 26. exd5 g6 27. Re7 Rf8 28. Rde1 Kg7 29. Re8 Rxe8 30. Rxe8 a4 31. Re7 axb3 32. axb3 Rf4 33. Rxc7 Kf6 34. f3 Ke5 35. Rc6 Rd4 36. b4 Rd1+ 37. Kf2 Rb1 38. b5 Rb4 39. Rc7 h5 40. g4 h4 41. Re7+ Kf6 42. Re4 g5 43. c5 Rxb5 44. c6 Rc5 45. Ke2 Rxd5 46. Rc4 Re5+ 47. Kd3 Re8 48. Kd4 Ke6 49. Ke4 d5+ 0-1

[Event "GER-chT U14"]
[Site "Lingen"]
[Date "2011.12.28"]
[Round "4.4"]
[White "Boehling, Richard"]
[Black "Touet, Marian"]
[Result "0-1"]
[WhiteElo "1318"]
[BlackElo "1119"]
[PlyCount "103"]
[EventDate "2011.12.27"]
[EventType "team-swiss"]
[EventRounds "7"]
[EventCountry "GER"]
[SourceTitle "EXT 2022"]
[Source "ChessBase"]
[SourceDate "2021.10.06"]
[SourceVersion "1"]
[SourceVersionDate "2021.10.06"]
[SourceQuality "1"]
[WhiteTeam "Weissensee Chemie"]
[BlackTeam "Porz SG U14"]
[WhiteTeamCountry "GER"]
[BlackTeamCountry "GER"]

1. e4 e5 2. Nf3 Nf6 3. Nc3 Bb4 4. Bc4 Bxc3 5. dxc3 d6 6. Bg5 Bg4 7. h3 Bh5 8. 0-0 Nbd7 9. Qe2 0-0 10. Qe3 Re8 11. Nh4 a6 12. Qg3 b5 13. Bd5 Rb8 14. Nf5 Bg6 15. Nh4 Nc5 16. Nxg6 hxg6 17. Qh4 Rc8 18. Bxf6 Qxf6 19. Qxf6 gxf6 20. b4 c6 21. bxc5 cxd5 22. cxd6 Red8 23. exd5 Rxd6 24. Rfd1 Rxc3 25. Rd2 Kf8 26. a4 b4 27. a5 Rc5 28. Ra4 Rcxd5 29. Rxd5 Rxd5 30. Rxb4 Rxa5 31. Kf1 Ra1+ 32. Ke2 a5 33. Rb7 a4 34. c4 a3 35. c5 a2 36. Ra7 Rc1 37. Rxa2 Rxc5 38. Ra7 Rc3 39. Kd2 Rb3 40. Kc2 Rb4 41. Kd3 Rd4+ 42. Ke3 Ke8 43. Kf3 Rd2 44. Ra8+ Ke7 45. Rh8 f5 46. h4 Rd3+ 47. Ke2 Ra3 48. f3 Kf6 49. Kf2 f4 50. Kg1 Re3 51. Re8 Kf5 52. Kf2 0-1

[Event "GER-chT U14"]
[Site "Lingen"]
[Date "2011.12.27"]
[Round "1.4"]
[White "Dechant, Joel Julian"]
[Black "Boehling, Richard"]
[Result "0-1"]
[WhiteElo "836"]
[BlackElo "1318"]
[PlyCount "116"]
[EventDate "2011.12.27"]
[EventType "team-swiss"]
[EventRounds "7"]
[EventCountry "GER"]
[SourceTitle "EXT 2022"]
[Source "ChessBase"]
[SourceDate "2021.10.06"]
[SourceVersion "1"]
[SourceVersionDate "2021.10.06"]
[SourceQuality "1"]
[WhiteTeam "Schwarzenbach Caissa U14"]
[BlackTeam "Weissensee Chemie"]
[WhiteTeamCountry "GER"]
[BlackTeamCountry "GER"]

1. e4 e5 2. Nf3 Nc6 3. Nc3 Nf6 4. d4 exd4 5. Nxd4 Bb4 6. Bd2 Nxd4 7. a3 Bc5 8. Be3 Ne6 9. Bxc5 Nxc5 10. e5 Nfe4 11. Nxe4 Nxe4 12. Qd5 Ng5 13. h4 Ne6 14. g3 d6 15. f4 dxe5 16. Qxe5 0-0 17. f5 Qd4 18. Qxd4 Nxd4 19. 0-0-0 Nxf5 20. Rd3 Nd6 21. Bh3 Bxh3 22. Rxh3 Rfe8 23. b3 Re1+ 24. Kd2 Rae8 25. Kc3 h6 26. g4 Ne4+ 27. Kc4 Nf2 28. Rd7 Nxh3 29. Rxc7 R1e4+ 30. Kc3 Rxg4 31. Rxb7 Rxh4 32. Rxa7 Rc8+ 33. Kb2 Rg4 34. a4 Rg2 35. Ka3 Rgxc2 36. a5 R2c7 37. Rxc7 Rxc7 38. Ka4 Nf4 39. a6 Ra7 40. Ka5 Nd5 41. Kb5 Nc7+ 42. Kb6 Rxa6+ 43. Kxc7 Ra2 44. Kd6 Rb2 45. Ke5 Rxb3 46. Kf4 Rb6 47. Kg4 Rb5 48. Kf4 Kf8 49. Kg4 Ke7 50. Kf4 Ke6 51. Kg4 Rf5 52. Kh4 Rg5 53. Kh3 Kf5 54. Kh4 g6 55. Kh3 Kf4 56. Kh2 Kf3 57. Kh1 Kf2 58. Kh2 Rh5# 0-1

[Event "GER-ch U10"]
[Site "Oberhof"]
[Date "2010.05.28"]
[Round "10"]
[White "Sadewasser, Lucie"]
[Black "Boehling, Richard"]
[Result "0-1"]
[WhiteElo "1197"]
[BlackElo "1108"]
[PlyCount "46"]
[EventDate "2010.05.22"]
[EventType "swiss"]
[EventRounds "11"]
[EventCountry "GER"]
[SourceTitle "CBM 136 Extra"]
[Source "ChessBase"]
[SourceDate "2010.07.02"]
[SourceVersion "2"]
[SourceVersionDate "2010.07.15"]
[SourceQuality "1"]

1. e4 e5 2. Nf3 Nc6 3. Nc3 Bc5 4. Nxe5 Nxe5 5. d4 Bd6 6. dxe5 Bxe5 7. Bd3 d6 8. Ne2 Be6 9. c3 Ne7 10. Be3 Ng6 11. f4 Qh4+ 12. g3 Qh6 13. Qd2 Qh5 14. fxe5 Nxe5 15. 0-0-0 Bxa2 16. Qc2 0-0 17. b3 Nxd3+ 18. Rxd3 Bxb3 19. Qxb3 Qxe2 20. c4 Rae8 21. Bxa7 b6 22. Re3 Qf2 23. Ree1 Ra8 0-1

[Event "GER-ch U10"]
[Site "Oberhof"]
[Date "2010.05.27"]
[Round "8"]
[White "Kololli, Martin"]
[Black "Boehling, Richard"]
[Result "1-0"]
[WhiteElo "1251"]
[BlackElo "1108"]
[PlyCount "119"]
[EventDate "2010.05.22"]
[EventType "swiss"]
[EventRounds "11"]
[EventCountry "GER"]
[SourceTitle "CBM 136 Extra"]
[Source "ChessBase"]
[SourceDate "2010.07.02"]
[SourceVersion "2"]
[SourceVersionDate "2010.07.15"]
[SourceQuality "1"]

1. e4 e5 2. Bc4 Bc5 3. d3 Nf6 4. c3 Nc6 5. Nf3 d6 6. h3 0-0 7. 0-0 h6 8. Nbd2 Be6 9. Bb5 Ne7 10. d4 exd4 11. cxd4 Bb6 12. Re1 c6 13. Ba4 Ng6 14. Nf1 Qc7 15. Ng3 Rad8 16. Qd3 Ba5 17. Re2 b5 18. Bb3 Rfe8 19. Bxe6 fxe6 20. Be3 e5 21. Rc1 Bb6 22. d5 c5 23. Qxb5 Qd7 24. Qxd7 Rxd7 25. a3 Rc8 26. Rec2 Rdc7 27. Rc4 Ne7 28. Rd1 Kh7 29. Nh4 g6 30. f4 exf4 31. Bxf4 Ne8 32. Nf3 g5 33. Bd2 Ng7 34. Bc3 Rf8 35. Rf1 Rcc8 36. Nh2 Rxf1+ 37. Nhxf1 Rf8 38. Bd2 Ng6 39. Bc3 Nf4 40. Bxg7 Kxg7 41. Nf5+ Kh7 42. N1g3 Rf6 43. b3 Nd3 44. Nh5 Rg6 45. Ne7 Ne5 46. Rc3 c4+ 47. Kf1 Bd4 48. Rxc4 Nxc4 49. bxc4 Be5 50. Nxg6 Kxg6 51. g4 a5 52. a4 Kf7 53. Kf2 Ke7 54. Ng3 Bxg3+ 55. Kxg3 Kf6 56. Kf3 Ke5 57. Ke3 Kf6 58. Kd4 Ke7 59. e5 dxe5+ 60. Kxe5 1-0

[Event "GER-ch U10"]
[Site "Oberhof"]
[Date "2010.05.25"]
[Round "5"]
[White "Boehling, Richard"]
[Black "Vogel, Roven"]
[Result "0-1"]
[WhiteElo "1108"]
[BlackElo "1480"]
[PlyCount "150"]
[EventDate "2010.05.22"]
[EventType "swiss"]
[EventRounds "11"]
[EventCountry "GER"]
[SourceTitle "CBM 136 Extra"]
[Source "ChessBase"]
[SourceDate "2010.07.02"]
[SourceVersion "2"]
[SourceVersionDate "2010.07.15"]
[SourceQuality "1"]

1. e4 c6 2. d4 d5 3. exd5 cxd5 4. Nf3 Nc6 5. c4 Nf6 6. Nc3 e6 7. Bf4 Bd6 8. Bxd6 Qxd6 9. Be2 Qb4 10. Qb3 Bd7 11. 0-0 Qxb3 12. axb3 a6 13. Rad1 Na5 14. Rfe1 0-0 15. Ne5 Bc6 16. b4 Nxc4 17. Nxc4 dxc4 18. Bxc4 Rad8 19. f3 Nd5 20. Nxd5 Bxd5 21. Bxd5 Rxd5 22. Re5 Rfd8 23. Rxd5 Rxd5 24. Rc1 f5 25. Rc8+ Kf7 26. Rc7+ Kf6 27. Rxb7 Rxd4 28. Rb6 Rd1+ 29. Kf2 Rd2+ 30. Kg3 Rxb2 31. Rxa6 Rxb4 32. h4 h6 33. h5 Rb1 34. Kh2 Re1 35. Rc6 Re5 36. Kg3 Rd5 37. Rb6 Rd7 38. Rc6 Re7 39. Kf4 Rd7 40. Kg3 Ke5 41. f4+ Kd5 42. Ra6 Rc7 43. Ra5+ Kd6 44. Ra6+ Ke7 45. Ra5 Rc3+ 46. Kh2 Rc6 47. Re5 Rc4 48. Kg3 Re4 49. Ra5 Re1 50. Kh2 Rf1 51. Ra4 Kf6 52. Rb4 g6 53. hxg6 Kxg6 54. Rb6 Rxf4 55. Rxe6+ Kg5 56. Re5 Re4 57. Ra5 h5 58. Ra7 Rh4+ 59. Kg3 f4+ 60. Kf3 Rg4 61. Ra5+ Kh4 62. Kf2 Rg5 63. Ra4 Kg4 64. Rb4 h4 65. Ra4 Rb5 66. Ra2 Rh5 67. Ra3 Rb5 68. Ra2 Rb3 69. Rc2 h3 70. gxh3+ Rxh3 71. Rc4 Rh2+ 72. Kg1 Rb2 73. Ra4 Kg3 74. Kf1 f3 75. Ke1 f2+ 0-1

[Event "Berlin-ch Class-D1"]
[Site "Berlin"]
[Date "2009.05.24"]
[Round "7"]
[White "Schacht, Thomas"]
[Black "Boehling, Richard"]
[Result "1-0"]
[WhiteElo "1301"]
[BlackElo "951"]
[PlyCount "41"]
[EventDate "2009.05.20"]
[EventType "tourn"]
[EventRounds "7"]
[EventCountry "GER"]
[SourceTitle "EXT 2012"]
[Source "ChessBase"]
[SourceDate "2011.11.24"]
[SourceVersion "1"]
[SourceVersionDate "2011.11.24"]
[SourceQuality "1"]

1. e4 e5 2. Nf3 Nc6 3. Bc4 Bc5 4. d3 Nf6 5. Nxe5 Nxe5 6. d4 Bd6 7. dxe5 Bxe5 8. f4 Bd4 9. Qxd4 Qe7 10. Nc3 Qd6 11. Qxd6 cxd6 12. 0-0 0-0 13. Be3 Ng4 14. Bd4 Nf6 15. Bxf6 gxf6 16. Nb5 a6 17. Nxd6 Kh8 18. Rf3 Kg7 19. Rg3+ Kh6 20. Bxf7 b5 21. Nf5# 1-0